000 00624nam a22002177a 4500
003 UA-OsUOA
001 42525
007 ta
008 20090217b un ||||| |||| 00| 0 ukr d
090 _a82-94
_bВ55
942 _cBK
040 _aUA-OsUOA
_bukr
_cUA-OsUOA
_dUA-OsUOA
245 _aВід Бистриці до Темзи
_bСпогади, документи, публікації, листи
300 _a608 с.
955 _a4
041 _aukr
080 _a82-94
260 _aЛьвів
_b"Дивосвіт"
_c1999
650 7 _a82 Література. Літературознавство
_2UDC
999 _c441023
_d441023